O...oder 0? - Sudden Death - Statistiken

Allgemein
  • Dieses Quiz wurde 192 mal gespielt
  • Das Durchschnittsergebnis liegt bei 9 aus 10
Answers on the Grid
Answers color-coded by a green-red scale on the quiz's grid according to % correct below.
O
O
O
O
O
O
O
O
O
O
0
0
0
0
0
0
0
0
0
0
0
o
o
o
 
Antwortstatistiken
Antwort % Korrekt
O
88%
O
86%
O
86%
O
86%
O
86%
O
84%
O
84%
O
84%
O
84%
O
84%
Keine übereinstimmenden Quizze gefunden
Verteilung der Resultate
Anzahl Personen mit jedem Resultat
Perzentil nach korrekt beantworteten Fragen
Ihre Resultats-Entwicklung
Sie haben dieses Quiz noch nicht gespielt